Современные тенденции наклонно-направленного бурения в Западной Сибири; Современные проблемы гидрогеологии, инженерной геологии и гидрогеоэкологии Евразии
| Parent link: | Современные проблемы гидрогеологии, инженерной геологии и гидрогеоэкологии Евразии.— 2015.— [С. 611-615] |
|---|---|
| Autor principal: | |
| Autor corporatiu: | |
| Altres autors: | |
| Sumari: | Заглавие с титульного экрана Научная работа представляет собой широкий анализ тенденций развития наклонно-направленного бурения в Западной Сибири. Сформулированы основные этапы развития и наметившиеся к настоящему моменту направления развития, как в области техники, так и технологии. Описаны основные проблемы, которые препятствуют ускоренному развитию внедрения современных технологий направленного бурения в Западной Сибири. The scientific work is presented in the form of a broad analysis of trends in the development of directional drilling in Western Siberia . The basic stages of development and emerging to date development trends, both in art and technology. The basic problems that hinder the rapid development of introduction of modern technologies of directional drilling in Western Siberia. |
| Idioma: | rus |
| Publicat: |
2015
|
| Col·lecció: | Проблемы и перспективы бурения инженерно-геологических, гидрогеологических и эксплуатационных скважин |
| Matèries: | |
| Accés en línia: | http://earchive.tpu.ru/handle/11683/18331 http://www.lib.tpu.ru/fulltext/c/2015/C109/113.pdf |
| Format: | MixedMaterials Electrònic Capítol de llibre |
| KOHA link: | https://koha.lib.tpu.ru/cgi-bin/koha/opac-detail.pl?biblionumber=616251 |
MARC
| LEADER | 00000naa2a2200000 4500 | ||
|---|---|---|---|
| 001 | 616251 | ||
| 005 | 20231101132911.0 | ||
| 035 | |a (RuTPU)RU\TPU\conf\14489 | ||
| 035 | |a RU\TPU\conf\14485 | ||
| 090 | |a 616251 | ||
| 100 | |a 20151221d2015 k y0rusy50 ca | ||
| 101 | 0 | |a rus |d eng | |
| 102 | |a RU | ||
| 105 | |a y z 101zy | ||
| 135 | |a drgn ---uucaa | ||
| 181 | 0 | |a i | |
| 182 | 0 | |a b | |
| 200 | 1 | |a Современные тенденции наклонно-направленного бурения в Западной Сибири |f А. И. Макаров |g науч. рук. Ю. А. Максимова | |
| 203 | |a Текст |c электронный | ||
| 225 | 1 | |a Проблемы и перспективы бурения инженерно-геологических, гидрогеологических и эксплуатационных скважин | |
| 230 | |a 1 компьютерный файл (pdf; 520 Кб) | ||
| 300 | |a Заглавие с титульного экрана | ||
| 320 | |a [Библиогр.: с. 614-615 (22 назв.)] | ||
| 330 | |a Научная работа представляет собой широкий анализ тенденций развития наклонно-направленного бурения в Западной Сибири. Сформулированы основные этапы развития и наметившиеся к настоящему моменту направления развития, как в области техники, так и технологии. Описаны основные проблемы, которые препятствуют ускоренному развитию внедрения современных технологий направленного бурения в Западной Сибири. | ||
| 330 | |a The scientific work is presented in the form of a broad analysis of trends in the development of directional drilling in Western Siberia . The basic stages of development and emerging to date development trends, both in art and technology. The basic problems that hinder the rapid development of introduction of modern technologies of directional drilling in Western Siberia. | ||
| 337 | |a Adobe Reader | ||
| 463 | 0 | |0 (RuTPU)RU\TPU\conf\14280 |t Современные проблемы гидрогеологии, инженерной геологии и гидрогеоэкологии Евразии |o материалы Всероссийской конференции с международным участием, г. Томск, 23−27 ноября 2015 г. |f Национальный исследовательский Томский политехнический университет (ТПУ) ; под ред. А. Ю. Дмитриева |v [С. 611-615] |d 2015 | |
| 610 | 1 | |a труды учёных ТПУ | |
| 610 | 1 | |a электронный ресурс | |
| 610 | 1 | |a современные тенденции | |
| 610 | 1 | |a наклонно-направленное бурение | |
| 610 | 1 | |a Западная Сибирь | |
| 700 | 1 | |a Макаров |b А. И. | |
| 702 | 1 | |a Максимова |b Ю. А. |c специалист в области нефтепромыслового оборудования |c ассистент кафедры Томского политехнического университета |f 1979- |g Юлия Анатольевна |2 stltpush |4 727 | |
| 712 | 0 | 2 | |a Национальный исследовательский Томский политехнический университет (ТПУ) |b Институт природных ресурсов (ИПР) |b Кафедра геологии и разработки нефтяных месторождений (ГРНМ) |h 258 |2 stltpush |3 (RuTPU)RU\TPU\col\18657 |
| 801 | 2 | |a RU |b 63413507 |c 20210224 |g RCR | |
| 856 | 4 | |u http://earchive.tpu.ru/handle/11683/18331 | |
| 856 | 4 | |u http://www.lib.tpu.ru/fulltext/c/2015/C109/113.pdf | |
| 942 | |c BK | ||